000 00335pab a2200133 454500
008 180718b xxu||||| |||| 00| 0 eng d
100 _aBhagwat Niloufer
245 _aJudical accountability
362 _a16(2), Jun 1994, p.27-38
650 _a Judgements
650 _aJudicial Process
773 _aMan and Development
909 _a27400
999 _c27400
_d27400